00844 2200265 4500001002100000005001500021035002000036007000300056008004100059020002200100082001000122084001600132100002200148245015900170250001000329260003900339300002900378650001800407700002200425700001900447700002800466520006200494990001100556990001100567INLIS00000000000354220090101114210 a0010-0109000087ta090101 g 0 ind  a978-602-1683-25-5 a297.2 a297.2 MUS h0 aMUSTAFA, al-Bugha1 aHadist Arbain :bImam Nawawi Pokok-pokok Ajaran Islam /cMustafa al-Bugha, Muhyiddin Mistha; penerjemah, Muhammad Rais; penyunting, Tim Fathan Prima Media acet.1 aDepok :bFathan Prima Media,c2017 axxviii, 468 hlm ;c24 cm 4aISLAM. HADIST0 aMUHYIDDIN, Mistha0 aMUHAMMAD, Rais0 aTIM, Fathan Prima Media aJudul asli: Al-Wafi fi Syarh al- Arba'in an an- Nawayiyah a6812 a a6812 b